00808nam a2200205Ia 4500003000900000008004100009020001800050040001600068080002800084100003100112245022500143260004500368300001600413490002800429650002700457650004100484650003900525650001600564700002200580IN-BaIIA211028s9999 xx 000 0 eng d a92-9092-049-1 cIIA Library a520.6.05(524.64)bESA-B aCourvoisier, Thierry J. -L 0aIUE-ULDA access guidebno. 4, vol. B, International ultraviolet explorer - uniform low dispersion archive active galactic nucleicThierry J.- L. Courvoisier; compiled by Stephane Paltani  aNetherlandsbEuropean Space Agencyc1992 a2v. (850p.) aESA SP-1153 B July 1992 aActive galactic nuclei aAstronomy and astrophysics thesaurus aInternational ultraviolet explorer aIUE spectra aPaltani, Stephane